| Tag |
First Indicator |
Second Indicator |
Subfields |
| LEADER |
00000nam a2200000 i 4500 |
| 001 |
in00004756513 |
| 006 |
m|||||o||d|||||||| |
| 007 |
cr ||||||||||| |
| 008 |
111202s2012 caua fo| 001|0|eng|d |
| 005 |
20231120173859.7 |
| 020 |
|
|
|a 9781452218533 (ebook) :
|c No price
|
| 035 |
|
|
|a (OCoLC)1007858975
|
| 035 |
|
|
|a (StDuBDS)EDZ0000052715
|
| 040 |
|
|
|a StDuBDS
|b eng
|c StDuBDS
|e rda
|e pn
|
| 050 |
|
0 |
|a LC1099
|b .E53 2012
|
| 082 |
0 |
4 |
|a 370.117
|2 23
|
| 245 |
0 |
0 |
|a Encyclopedia of diversity in education /
|c James Banks, editor.
|
| 264 |
|
1 |
|a Thousand Oaks, California :
|b SAGE Publications,
|c 2012.
|
| 300 |
|
|
|a 1 online resource (liii, 2476 pages) :
|b illustrations (black and white)
|
| 336 |
|
|
|a text
|b txt
|2 rdacontent
|
| 337 |
|
|
|a computer
|b c
|2 rdamedia
|
| 338 |
|
|
|a online resource
|b cr
|2 rdacarrier
|
| 504 |
|
|
|a Includes bibliographical references and index.
|
| 520 |
8 |
|
|a With 695 signed entries with cross-references and recommended readings, this encyclopedia presents research and statistics, case studies and best practices, policies and programs at pre- and post-secondary levels, mainly in the United States but also in nations around the world, all intricately connected.
|
| 521 |
|
|
|a Specialized.
|
| 588 |
|
|
|a Description based on online resource; title from home page (viewed on December 15, 2014).
|
| 650 |
|
0 |
|a Multicultural education
|v Encyclopedias.
|
| 650 |
|
0 |
|a Education
|x Social aspects
|v Encyclopedias.
|
| 650 |
|
0 |
|a Cultural pluralism
|v Encyclopedias.
|
| 655 |
|
7 |
|a Electronic books.
|2 local
|
| 700 |
1 |
|
|a Banks, James A.,
|e editor.
|
| 710 |
2 |
|
|a Sage Publications.
|
| 776 |
0 |
8 |
|i Print version :
|z 9781412981521
|
| 856 |
4 |
0 |
|u http://proxy.library.tamu.edu/login?url=https://sk.sagepub.com/reference/diversityineducation
|z Connect to the full text of this electronic book
|t 0
|
| 955 |
|
|
|a SAGE Knowledge
|
| 999 |
f |
f |
|s 054acf7d-b4e4-4bdf-b8ca-37db5345ad69
|i 86ba9a0d-6942-4dbb-9c9a-b86f31e4a937
|t 0
|
| 952 |
f |
f |
|a Texas A&M University
|b College Station
|c Electronic Resources
|d Available Online
|t 0
|e LC1099 .E53 2012
|h Library of Congress classification
|
| 998 |
f |
f |
|a LC1099 .E53 2012
|t 0
|l Available Online
|